[Event "Llinars del Valles op 11th B"]
[Site "Llinars del Valles"]
[Date "2017.05.20"]
[Round "5.20"]
[White "Moreno Bastardas, Ariadna"]
[Black "Garcia Encinas, Jan"]
[Result "0-1"]
[WhiteElo "1685"]
[BlackElo "1307"]
[PlyCount "54"]
[EventDate "2017.04.22"]
[EventType "swiss"]
[EventRounds "9"]
[EventCountry "ESP"]
[SourceTitle "EXT 2024"]
[Source "ChessBase"]
[SourceDate "2023.10.10"]
[SourceVersion "1"]
[SourceVersionDate "2023.10.10"]
[SourceQuality "1"]

1. Nf3 c5 2. d4 cxd4 3. Nxd4 d6 4. g3 Nc6 5. Bg2 Qc7 6. c3 e6 7. Na3 Nf6 8. Nab5 Qb6 9. Be3 Nxd4 10. Nxd4 Qxb2 11. Qb3 Qxb3 12. axb3 Be7 13. Nb5 Kd7 14. Rxa7 Rxa7 15. Bxa7 d5 16. Kd2 h5 17. h4 Kc6 18. Nd4+ Kd7 19. Ra1 Ng4 20. Nf3 Kc7 21. Bd4 f6 22. c4 e5 23. Bb2 dxc4 24. bxc4 Nxf2 25. Ra8 Rd8+ 26. Ke1 Ne4 27. Nxe5 Bb4+ 0-1

[Event "Llinars del Valles op 11th B"]
[Site "Llinars del Valles"]
[Date "2017.05.13"]
[Round "4.9"]
[White "Gallego Andres, Carles"]
[Black "Moreno Bastardas, Ariadna"]
[Result "1-0"]
[WhiteElo "1411"]
[BlackElo "1685"]
[PlyCount "71"]
[EventDate "2017.04.22"]
[EventType "swiss"]
[EventRounds "9"]
[EventCountry "ESP"]
[SourceTitle "EXT 2024"]
[Source "ChessBase"]
[SourceDate "2023.10.10"]
[SourceVersion "1"]
[SourceVersionDate "2023.10.10"]
[SourceQuality "1"]

1. d4 e6 2. c4 d5 3. cxd5 exd5 4. Nc3 Nf6 5. Nf3 Bf5 6. Bg5 c6 7. a3 Nbd7 8. e3 Qa5 9. b4 Qb6 10. Na4 Qc7 11. Bf4 Bd6 12. Bxd6 Qxd6 13. Nh4 Be4 14. Rc1 Qe6 15. Be2 a5 16. b5 Rc8 17. 0-0 g5 18. Nf3 Qg4 19. Bd3 h5 20. Bxe4 Nxe4 21. Nd2 Qxd1 22. Rfxd1 Nd6 23. bxc6 Rxc6 24. Rxc6 bxc6 25. Rc1 Nb8 26. Nc5 Ke7 27. Ndb3 Nc4 28. a4 Nd7 29. Nxd7 Kxd7 30. Nc5+ Kc7 31. Rb1 Kd6 32. Rb7 Ne5 33. f4 gxf4 34. exf4 f6 35. fxe5+ fxe5 36. Rd7# 1-0

[Event "Llinars del Valles op 11th B"]
[Site "Llinars del Valles"]
[Date "2017.05.06"]
[Round "3.9"]
[White "Moreno Bastardas, Ariadna"]
[Black "Gallardo Gonzalez, Rafael"]
[Result "1/2-1/2"]
[WhiteElo "1685"]
[BlackElo "1532"]
[PlyCount "107"]
[EventDate "2017.04.22"]
[EventType "swiss"]
[EventRounds "9"]
[EventCountry "ESP"]
[SourceTitle "EXT 2024"]
[Source "ChessBase"]
[SourceDate "2023.10.10"]
[SourceVersion "1"]
[SourceVersionDate "2023.10.10"]
[SourceQuality "1"]

1. d4 Nf6 2. Nf3 g6 3. g3 Bg7 4. Bg2 d5 5. 0-0 0-0 6. b3 c6 7. Bb2 Be6 8. Nbd2 Qd7 9. Ng5 Bf5 10. c4 h6 11. Ngf3 Bh3 12. Ne5 Qf5 13. cxd5 Bxg2 14. Kxg2 cxd5 15. Ba3 Re8 16. Rc1 Nbd7 17. Qc2 Nxe5 18. Qxf5 gxf5 19. dxe5 Ng4 20. Rc7 e6 21. Rxb7 Nxe5 22. Rc1 Rec8 23. Rxc8+ Rxc8 24. Rxa7 Rc2 25. Ra8+ Kh7 26. Nf3 Rxa2 27. Nxe5 Bxe5 28. Ra7 Kg6 29. e3 Bb2 30. Bc5 Rxa7 31. Bxa7 Ba3 32. Bb6 Bb4 33. Kf3 Kf6 34. g4 fxg4+ 35. Kxg4 Kg6 36. h4 Be1 37. h5+ Kf6 38. f4 Bb4 39. Bd4+ Ke7 40. Bg7 f6 41. Bxh6 Kf7 42. f5 e5 43. e4 dxe4 44. Be3 Kg7 45. h6+ Kh7 46. Kh5 Bc3 47. Bc5 Bd4 48. Be7 e3 49. Bxf6 e2 50. Bh4 Bc3 51. f6 e1Q 52. Bxe1 Bxe1 53. f7 Bb4 54. Kg5 1/2-1/2

[Event "Foment Martinenc op-C 17th"]
[Site "Barcelona"]
[Date "2015.06.13"]
[Round "8"]
[White "Goloubev Goloubeva, Maria"]
[Black "Moreno Bastardas, Ariadna"]
[Result "0-1"]
[WhiteElo "1736"]
[BlackElo "1848"]
[PlyCount "54"]
[EventDate "2015.04.25"]
[EventType "swiss"]
[EventRounds "9"]
[EventCountry "ESP"]
[SourceTitle "EXT 2017"]
[Source "ChessBase"]
[SourceDate "2016.10.25"]
[SourceVersion "1"]
[SourceVersionDate "2016.10.25"]
[SourceQuality "1"]

1. d4 e6 2. c4 c5 3. d5 Qb6 4. b3 exd5 5. Qxd5 Nf6 6. Qe5+ Be7 7. Nf3 Nc6 8. Qe3 Nb4 9. Na3 d5 10. Qd2 Ne4 11. Qe3 Qa5 12. Nd2 Bf5 13. f3 Qxa3 14. Kd1 d4 15. Bxa3 Nc3+ 16. Qxc3 dxc3 17. Bxb4 cxb4 18. e4 0-0-0 19. exf5 Rxd2+ 20. Ke1 Bh4+ 21. g3 Re8+ 22. Be2 Rexe2+ 23. Kf1 Rf2+ 24. Kg1 Be7 25. f4 Bc5 26. Re1 Rg2+ 27. Kf1 Rdf2# 0-1

[Event "Foment Martinenc op-C 17th"]
[Site "Barcelona"]
[Date "2015.05.23"]
[Round "5"]
[White "Sanchez Fontanet, Lluis"]
[Black "Moreno Bastardas, Ariadna"]
[Result "1-0"]
[WhiteElo "1701"]
[BlackElo "1848"]
[PlyCount "61"]
[EventDate "2015.04.25"]
[EventType "swiss"]
[EventRounds "9"]
[EventCountry "ESP"]
[SourceTitle "EXT 2017"]
[Source "ChessBase"]
[SourceDate "2016.10.25"]
[SourceVersion "1"]
[SourceVersionDate "2016.10.25"]
[SourceQuality "1"]

1. e4 e6 2. Nf3 d5 3. e5 c5 4. d4 Nc6 5. Bb5 Bd7 6. Bxc6 Bxc6 7. 0-0 Qb6 8. c3 cxd4 9. cxd4 Ne7 10. Nc3 Nf5 11. Ne2 Be7 12. b3 Rc8 13. Bf4 Bb5 14. Qd2 Qa6 15. Rfe1 Ba3 16. Ng3 Nxg3 17. Bxg3 h6 18. Bh4 Qc6 19. h3 Qc2 20. Qa5 Bb2 21. Qxb5+ Rc6 22. Qxb7 Rc7 23. Qb8+ Rc8 24. Qd6 g5 25. Nxg5 Rd8 26. Qb4 Bxa1 27. Nxe6 Rd6 28. Qb8+ Kd7 29. Qxd6+ Kc8 30. Nc5 Qf5 31. Qc6+ 1-0

[Event "Foment Martinenc op-C 17th"]
[Site "Barcelona"]
[Date "2015.05.02"]
[Round "2"]
[White "Martos Amiguet, Valentina"]
[Black "Moreno Bastardas, Ariadna"]
[Result "0-1"]
[WhiteElo "1772"]
[BlackElo "1848"]
[PlyCount "68"]
[EventDate "2015.04.25"]
[EventType "swiss"]
[EventRounds "9"]
[EventCountry "ESP"]
[SourceTitle "EXT 2017"]
[Source "ChessBase"]
[SourceDate "2016.10.25"]
[SourceVersion "1"]
[SourceVersionDate "2016.10.25"]
[SourceQuality "1"]

1. e4 e6 2. d4 d5 3. e5 c5 4. c3 Qb6 5. Nf3 Nc6 6. Bd3 Bd7 7. 0-0 cxd4 8. cxd4 Nxd4 9. Nxd4 Qxd4 10. Nc3 Qb6 11. Na4 Qc7 12. Bf4 Ne7 13. Rc1 Nc6 14. a3 a6 15. Rc3 b5 16. Nc5 Bxc5 17. Rxc5 g5 18. Bg3 Qb6 19. b4 a5 20. Rxb5 Qd4 21. Qb3 Nxe5 22. Bxe5 Qxe5 23. Rxa5 Rxa5 24. bxa5 0-0 25. Rb1 Rc8 26. a6 Qc3 27. Bf1 d4 28. Qd1 Qxa3 29. Qxd4 Bc6 30. Ra1 Qf8 31. a7 Qe7 32. Qb6 Ba8 33. g3 Qb7 34. Qe3 Qh1# 0-1